000 01152njm a2200277 i 4500
001 4569
003 ES-MaACL
005 20250728095140.0
007 s|r|||||||||||
008 041207s1982 sp ||| g ||||||||1|nspa d
245 0 0 _aPresentación del libro "La nueva economía liberal" de Lucas Beltrán
_h[Grabación sonora] /
_cintervienen Fernando Chueca Goitia, Pedro Schwartz, Jaime Suárez y Lucas Beltrán.
260 _aMadrid :
_bAteneo de Madrid,
_c1982.
300 _a1 disco (CD-DA) (29 min. 41 seg.) ;
_c12 cm.
500 _aDatos basados en invitación.
518 _aActo organizado por el Ateneo de Madrid, grabado en el miércoles 24 de noviembre de 1982, a las 19:30 h.
610 2 4 _aAteneo de Madrid-
_xActos culturales-
_y1982-
_vGrabaciones sonoras.
_91895
650 7 _aLiberalismo económico
_2embne
_9135483
700 1 _aChueca Goitia, Fernando,
_d1911-2004
_938688
700 1 _aSchwartz, Pedro.
_9104874
700 1 _aSuárez, Jaime.
_9108564
700 1 _aBeltrán, Lucas.
_927346
710 2 _aAteneo de Madrid.
_91875
852 _aES-MaACL
_jROT 4/7/19
_94686
_cROT
942 _2udc
999 _c4569
_d4569